Off to the Races - Lyrics - Statistics

General Stats
  • This quiz has been taken 46 times
  • The average score is 288 of 366
Answer Stats
Answer % Correct
a
100%
I
100%
me
100%
of
100%
off
100%
races
100%
the
100%
to
100%
And
97%
and
97%
I'm
97%
in
97%
In
97%
on
97%
You
97%
you
97%
But
93%
he
93%
He
93%
is
93%
man
93%
My
93%
my
93%
baby
90%
Be
90%
heart
90%
old
90%
your
90%
do
86%
way
86%
Way
86%
bad
83%
cocaine
83%
crazy
83%
every
83%
Every
83%
grabs
83%
hand
83%
his
83%
holds
83%
life
83%
town
83%
With
83%
with
83%
all
79%
L.A
79%
need
79%
over
79%
what
79%
by
76%
can't
76%
Chasing
76%
come
76%
deny
76%
doesn't
76%
good
76%
have
76%
here
76%
like
76%
little
76%
loves
76%
past
76%
save
76%
want
76%
about
72%
Because
72%
fire
72%
has
72%
it
72%
knows
72%
Las
72%
Light
72%
mind
72%
mouth
72%
open
72%
red
72%
scarlet
72%
Vegas
72%
at
69%
Bacardi
69%
Cause
69%
fact
69%
for
69%
get
69%
inch
69%
Kiss
69%
loins
69%
nail
69%
out
69%
polish
69%
pool
69%
says
69%
Swimming
69%
swimming
69%
Watch
69%
watch
69%
Admires
66%
beat
66%
bikini
66%
broke-down
66%
Likes
66%
roll
66%
rolling
66%
soul
66%
stone
66%
tell
66%
Tell
66%
tough
66%
chasers
62%
coins
62%
crass
62%
flat
62%
Give
62%
give
62%
glimmering
62%
gold
62%
starlet
62%
wasted
62%
Black
59%
him
59%
them
59%
time
59%
won't
59%
as
55%
blue
55%
Crystal
55%
darling
55%
Facing
55%
garden
55%
might
55%
Ready
55%
Singing
55%
sipping
55%
tar-black
55%
bathroom
52%
forever
52%
Island
52%
it's
52%
White
52%
Cases
48%
dress
48%
feels
48%
heaven
48%
Keep
48%
shows
48%
sweet
48%
thinks
48%
bright
45%
glass
45%
Glass
45%
make-up
45%
perfume
45%
putting
45%
room
45%
again
41%
blood-red
41%
Chateau
41%
Fumes
41%
got
41%
he's
41%
jam
41%
Rikers
41%
ripples
41%
sitting
41%
lilac
38%
Slipping
38%
cognac
31%
Marmont
31%
own
31%
No matching quizzes found
Score Distribution
Percent of People with Each Score
Percentile by Number Answered
Your Score History
You have not taken this quiz